000 00601nam a22002057a 4500
003 OSt
005 20140310182042.0
008 130816t xxu||||| |||| 00| 0 eng d
020 _a0871621517
050 _aBR 1336
_b.L334 1973
082 _aHS 248.2092
_b.L32 1973
100 _aLarson,Muriel
_911298
245 _aLiving Miracles /
_cMuriel Larson.
260 _aU.S.A :
_bPyramid Publications,Warner Press,Inc,
_cc1973.
300 _a90 p. ;
_c18 cm.
541 _j1
650 _aChristian biographies.
_911299
650 _aMiracles (inspirational stories)
_911300
942 _2lcc
_cHS
999 _c8811
_d8811